Tư tưởng Hồ Chí Minh về đạo đức cách mạng và vấn đề giáo dục đạo đức cách mạng cho cán bộ, đảng viên trong giai đoạn hiện nay

Nội dung cơ bản trong tư tưởng đạo đức Hồ Chí Minh. Vận dụng tư tưởng Hồ Chí Minh trong giáo dục đạo đức cách mạng cho cán bộ đảng viên hiện nay.

Сохранить в:
Библиографические подробности
Главный автор: Nguyễn Thị Kim Huệ (Tác giả)
Другие авторы: Cao Đức Dũng Th.S (Hướng dẫn)
Формат:
Язык:Vietnamese
Опубликовано: Đà Nẵng Đại học Sư phạm, Đại học Đà Nẵng 2012
Предметы:
Метки: Добавить метку
Нет меток, Требуется 1-ая метка записи!
Thư viện lưu trữ: Mạng thư viện Đại học Đà Nẵng
LEADER 01694nam a2200349 4500
001 000016730
003 13134
005 20121225141216.0
008 121220s2012 viesd
041 0 |a vie 
082 |a 335.4346  |b NG-H 
100 0 |a Nguyễn Thị Kim Huệ  |e Tác giả 
245 0 |a Tư tưởng Hồ Chí Minh về đạo đức cách mạng và vấn đề giáo dục đạo đức cách mạng cho cán bộ, đảng viên trong giai đoạn hiện nay  |c Nguyễn Thị Kim Huệ 
260 |a Đà Nẵng  |b Đại học Sư phạm, Đại học Đà Nẵng  |c 2012 
300 |a 67 tr.  |c 29 cm.  |e Đĩa CD 
500 |a Khóa luận tốt nghiệp đại học. Chuyên ngành: Sư phạm Giáo dục chính trị 
504 |a Mục lục đầu trang, tài liệu tham khảo tr.66 - 67 
520 |a Nội dung cơ bản trong tư tưởng đạo đức Hồ Chí Minh. Vận dụng tư tưởng Hồ Chí Minh trong giáo dục đạo đức cách mạng cho cán bộ đảng viên hiện nay. 
650 |a Khóa luận tốt nghiệp đại học 
650 |a Giáo dục chính trị 
653 |a Khoa Giáo dục chính trị 
700 |a Cao Đức Dũng  |c Th.S  |e Hướng dẫn 
OWN |a LSP 
AVA |a UDN50  |b LSP  |d 335.4346 NG-H  |e available  |t Error 5001 Not defined in file expand_doc_bib_avail.  |f 1  |g 0  |h N  |i 0  |k 1 
999 |a From the UDN01 
AVA |a UDN50  |b LSP  |d 335.4346 NG-H  |e available  |t Error 5001 Not defined in file expand_doc_bib_avail.  |f 1  |g 0  |h N  |i 0  |k 1 
TYP |a Monograph 
TYP |a Printed language 
980 |a Mạng thư viện Đại học Đà Nẵng